[Event "SVK-chT1W 9798"]
[Site "Slovakia"]
[Date "1997.??.??"]
[Round "?"]
[White "Jakubek, Peter"]
[Black "Vadkerti, Jan"]
[Result "1-0"]
[WhiteElo "2265"]
[BlackElo "1985"]
[PlyCount "61"]
[EventDate "1997.??.??"]
[EventType "team"]
[EventRounds "11"]
[EventCountry "SVK"]
[SourceTitle "EXT 1999"]
[Source "ChessBase"]
[SourceDate "1998.11.16"]
[SourceVersion "1"]
[SourceVersionDate "1998.11.16"]
[SourceQuality "1"]

1. d4 Nf6 2. Nf3 d6 3. c4 g6 4. Nc3 Bg7 5. e4 0-0 6. Be2 Nh5 7. 0-0 e5 8. dxe5 dxe5 9. Qxd8 Rxd8 10. Bg5 Re8 11. Nd5 Na6 12. c5 Be6 13. Bxa6 Bxd5 14. Bb5 c6 15. exd5 cxb5 16. Rfd1 h6 17. Be3 f5 18. a4 f4 19. axb5 fxe3 20. fxe3 Red8 21. d6 e4 22. Nd4 Nf6 23. Ne6 Nd7 24. Nxd8 Nxc5 25. Rac1 b6 26. Nc6 Bxb2 27. Rxc5 bxc5 28. d7 Bf6 29. d8Q+ Bxd8 30. Rxd8+ Rxd8 31. Nxd8 1-0